Beyond subculture (Record no. 32577)

MARC details
000 -LEADER
fixed length control field 00429nam a2200181Ia 4500
005 - DATE AND TIME OF LATEST TRANSACTION
control field 20251002173134.0
008 - FIXED-LENGTH DATA ELEMENTS--GENERAL INFORMATION
fixed length control field 231207s9999 xx 000 0 und d
020 ## - INTERNATIONAL STANDARD BOOK NUMBER
International Standard Book Number 9780415278157
040 ## - CATALOGING SOURCE
Transcribing agency PK-LaNCA
082 ## - DEWEY DECIMAL CLASSIFICATION NUMBER
Classification number 781.63
Item number HUQ
100 ## - MAIN ENTRY--PERSONAL NAME
Author Name Huq, Rupa
245 #0 - TITLE STATEMENT
Title Beyond subculture
260 ## - PUBLICATION, DISTRIBUTION, ETC.
Name of publisher, distributor, etc. Routledge
Place of publication, distribution, etc. UK
Date of publication, distribution, etc. 2006
300 ## - PHYSICAL DESCRIPTION
Pages 217p
546 ## - LANGUAGE NOTE
Language note English
650 ## - SUBJECT ADDED ENTRY--TOPICAL TERM
Subject Popular Music, Social Aspects
942 ## - ADDED ENTRY ELEMENTS (KOHA)
Koha item type Musicology
999 ## -
-- 32577
-- 32577
Holdings
Withdrawn status Weedout from Library Permanent Location Current Location Shelving location Date acquired Full call number Barcode Price effective from Koha item type
    NATIONAL COLLEGE OF ARTS, LAHORE - LIBRARY NATIONAL COLLEGE OF ARTS, LAHORE - LIBRARY Musicology Section Basement of Library 08/12/2023 781.63 HUQ 37228 37228 08/12/2023 Musicology